00386nam a2200109Ia 4500008004100000082001900041100002000060245009400080260005400174300001000228650003800238211119s9999||||xx |||||||||||||| ||und|| a658.044bKAH-T aKahn, Michael N 0aTechnical Analysis Plain and Simple, Second Edition:Charting the Markets in Your Language bPearson India Education ServicesaNew Delhic2006 axxxv+ aManagementManagementxMBA LIBRARY